000 00653nam a2200241Ia 4500
003 OSt
005 20221005132541.0
006 a|||||r|||| 00| 0
007 ta
008 221004b |||||||| |||| 00| 0 hin d
024 _a53623
037 _cTextual
040 _aCRL
_cCRL
_bhin
041 _2hin
_ahin
082 _aO152,1J32,11, 32K8
100 _aKurup Vennikulam Gopala Tr.
_9641304
245 0 _aTulsidas ramayanam
260 _c1968
650 _a HINDI POETRY
_97134
650 _aHINDI LITERATURE
_923866
942 _hO152,1J32,11, 32K8
_cTEXL
_2cc
999 _c1063968
_d1063968